<?xml version="1.0" encoding="UTF-8"?>
<marc:record xmlns:marc="http://www.loc.gov/MARC21/slim">
   <marc:leader>00000nam a2200000 a 4500</marc:leader>
   <marc:datafield ind1="1" ind2=" " tag="100">
      <marc:subfield code="a">Teshome, Rahel</marc:subfield>
   </marc:datafield>
   <marc:datafield ind1="1" ind2=" " tag="100">
      <marc:subfield code="a">Hagere, Tizita</marc:subfield>
   </marc:datafield>
   <marc:datafield ind1="1" ind2=" " tag="100">
      <marc:subfield code="a">Getnet, Meron</marc:subfield>
   </marc:datafield>
   <marc:datafield ind1="1" ind2=" " tag="100">
      <marc:subfield code="a">Mehari, Zeresenay Berhane</marc:subfield>
   </marc:datafield>
   <marc:datafield ind1="0" ind2="0" tag="245">
      <marc:subfield code="a">Das Mädchen Hirut [Bildtonträger]</marc:subfield>
   </marc:datafield>
   <marc:datafield ind1="0" ind2="0" tag="245">
      <marc:subfield code="c">ein Film von Zeresenay Berhane Mehari. Mit Meron Getnet, Tizita Hagere, Rahel Teshome ...</marc:subfield>
   </marc:datafield>
   <marc:datafield ind1=" " ind2="1" tag="264">
      <marc:subfield code="b">Alive AG</marc:subfield>
      <marc:subfield code="c">2019</marc:subfield>
   </marc:datafield>
   <marc:datafield ind1="1" ind2=" " tag="520">
      <marc:subfield code="a">In Äthiopien wird ein 14-jähriges Mädchen auf dem Schulweg entführt. So will es ein alter Brauch der Zwangsheirat. Dem Mädchen gelingt jedoch die Flucht. Dabei tötet sie ihren Entführer. Sie wird wegen Mord angeklagt und von einer jungen, auf Frauenrecht spezialisierten Anwältin verteidigt. Zwischen altüberlieferter Zwangsheirat und moderner Justiz, zwei Aspekte der äthiopischen Gesellschaft treffen im Gerichtssaal aufeinander.</marc:subfield>
   </marc:datafield>
   <marc:datafield ind1=" " ind2=" " tag="020">
      <marc:subfield code="a">4042564158281</marc:subfield>
      <marc:subfield code="9">4042564158281</marc:subfield>
   </marc:datafield>
   <marc:datafield ind1=" " ind2=" " tag="500">
      <marc:subfield code="a">Orig. : Äthiopien/USA 2014. Sprache: Deutsch (Dolby Digital 5.1), Original mit Untertiteln (Dolby Digital 5.1). Untertitel: Deutsch</marc:subfield>
   </marc:datafield>
   <marc:datafield ind1="0" ind2=" " tag="490">
      <marc:subfield code="v">0</marc:subfield>
   </marc:datafield>
   <marc:datafield ind1=" " ind2=" " tag="300">
      <marc:subfield code="a">1 DVD (99 Min.) : farbig</marc:subfield>
   </marc:datafield>
</marc:record>
